Govt. of
Madhya Pradesh

Asp. Net With C # The Basics (Record no. 31589)

MARC details
000 -LEADER
fixed length control field 004650000a22001810004500
003 - CONTROL NUMBER IDENTIFIER
control field MACL
005 - DATE AND TIME OF LATEST TRANSACTION
control field 20160119164939.0
008 - FIXED-LENGTH DATA ELEMENTS--GENERAL INFORMATION
fixed length control field 160119b xxu||||| |||| 00| 0 eng d
040 ## - CATALOGING SOURCE
Original cataloging agency MACL
Transcribing agency MACL
041 ## - LANGUAGE CODE
Language code of text/sound track or separate title English
082 ## - DEWEY DECIMAL CLASSIFICATION NUMBER
Classification number 005.133/MOK
100 ## - MAIN ENTRY--PERSONAL NAME
Personal name Mukhi, Sonal
9 (RLIN) 33203
245 ## - TITLE STATEMENT
Title Asp. Net With C # The Basics
260 ## - PUBLICATION, DISTRIBUTION, ETC. (IMPRINT)
Name of publisher, distributor, etc. BP B Publications
Date of publication, distribution, etc. 2001
Place of publication, distribution, etc. New Delhi
350 ## - PRICE (NR) (BK AM CF MU VM SE) [OBSOLETE]
Price 180
650 ## - SUBJECT ADDED ENTRY--TOPICAL TERM
Topical term or geographic name as entry element Computer programing
9 (RLIN) 33180
942 ## - ADDED ENTRY ELEMENTS (KOHA)
Koha item type Books
Call number prefix 005.133/Muk
Source of classification or shelving scheme
Holdings
Withdrawn status Lost status Source of classification or shelving scheme Damaged status Not for loan Home library Current library Date acquired Cost, normal purchase price Total Checkouts Full call number Barcode Date last seen Uniform Resource Identifier Price effective from Koha item type
          MACL MACL 15/04/2015 180.00   005.133/Muk CLC002393 29/04/2015 31643 15/04/2015 Books